| 000 | 00708nam a2200241Ia 4500 | ||
|---|---|---|---|
| 008 | 180523s9999 xx 000 0 und d | ||
| 020 | _a978-9-812-53350-0 | ||
| 050 | _aMAIN LB 2900.5 | ||
| 050 | _b.M66 2012 | ||
| 100 | _aMontgomery, Douglas C. | ||
| 245 | 0 | _aManaging , controlling, and improving quality / | |
| 245 | 0 | _cDouglas C. Montgomery, Cheryl L. Jennings, Michele E. Pfund. | |
| 260 | _aAustralia : | ||
| 260 | _bJohn Wiley & Sons, | ||
| 260 | _c2011 | ||
| 300 | _a501 pages : | ||
| 300 | _billustrations ; | ||
| 300 | _c25 cm. | ||
| 500 | _aIncludes index. | ||
| 650 | _aEducational leadership. | ||
| 650 | _aSchool management and organization. | ||
| 650 | _xEducational change. | ||
| 999 |
_c357329 _d357329 |
||